[Event "FIN-chT 1920"]
[Site "Finland"]
[Date "2019.11.24"]
[Round "6.8"]
[White "Ihaksi, Arto"]
[Black "Pihlajasalo, Hannu"]
[Result "0-1"]
[WhiteElo "1906"]
[BlackElo "2146"]
[PlyCount "94"]
[EventDate "2019.09.14"]
[EventType "team-tourn"]
[EventRounds "11"]
[EventCountry "FIN"]
[SourceTitle "CBM 194 Extra"]
[Source "ChessBase"]
[SourceDate "2020.03.31"]
[SourceVersion "1"]
[SourceVersionDate "2020.03.31"]
[SourceQuality "1"]
[WhiteTeam "Kotka KymS"]
[BlackTeam "Turku TuTS"]
[WhiteTeamCountry "FIN"]
[BlackTeamCountry "FIN"]

1. d4 g6 2. Nf3 Nf6 3. Bg5 Bg7 4. e3 h6 5. Bxf6 Bxf6 6. Bd3 d6 7. c3 Nc6 8. Nbd2 0-0 9. Qb3 e6 10. 0-0-0 a5 11. g4 Bg7 12. Bb1 a4 13. Qc2 a3 14. b3 e5 15. Rdg1 exd4 16. exd4 Ne7 17. h4 c5 18. h5 Be6 19. Nh4 cxd4 20. hxg6 f5 21. gxf5 Nxf5 22. Qe4 Qf6 23. Nxf5 Bxf5 24. Qd5+ Be6 25. Qxd4 Qxd4 26. cxd4 Rac8+ 27. Kd1 Rxf2 28. Rh4 Rcf8 29. Bd3 R8f4 30. Rxf4 Rxf4 31. Re1 Bg4+ 32. Kc2 Bxd4 33. Bc4+ Kg7 34. Bd3 Be5 35. Rf1 h5 36. Rxf4 Bxf4 37. Nc4 Bf3 38. Nxa3 h4 39. Bf5 Bg2 40. Nc4 h3 41. Bxh3 Bxh3 42. a4 Kxg6 43. b4 Kf6 44. a5 Bf1 45. Kb3 Ke6 46. b5 d5 47. Na3 Bd6 0-1

[Event "Turku TuTS op"]
[Site "Turku"]
[Date "2018.12.01"]
[Round "3"]
[White "Lehtosaari, Kalevi"]
[Black "Pihlajasalo, Hannu"]
[Result "1/2-1/2"]
[WhiteElo "1965"]
[BlackElo "2184"]
[PlyCount "38"]
[EventDate "2018.11.30"]
[EventType "swiss"]
[EventRounds "5"]
[EventCountry "FIN"]
[SourceTitle "EXT 2021"]
[Source "ChessBase"]
[SourceDate "2020.10.23"]
[SourceVersion "1"]
[SourceVersionDate "2020.10.23"]
[SourceQuality "1"]

1. c4 Nf6 2. Nc3 g6 3. g3 Bg7 4. Bg2 0-0 5. Nf3 d6 6. d4 c6 7. 0-0 Qb6 8. Qc2 Na6 9. a3 Bg4 10. e3 Rfe8 11. b4 e5 12. c5 Qd8 13. cxd6 Bxf3 14. Bxf3 exd4 15. b5 Nb8 16. bxc6 Nxc6 17. Nb5 Rc8 18. Rb1 dxe3 19. Bxe3 Nd4 1/2-1/2

[Event "FIN-chT1A 1718"]
[Site "Finland"]
[Date "2017.12.02"]
[Round "4.2"]
[White "Pihlajasalo, Hannu"]
[Black "Olander, Aleksi"]
[Result "1/2-1/2"]
[WhiteElo "2190"]
[BlackElo "2030"]
[PlyCount "26"]
[EventDate "2017.09.16"]
[EventType "team-tourn"]
[EventRounds "7"]
[EventCountry "FIN"]
[SourceTitle "EXT 2020"]
[Source "ChessBase"]
[SourceDate "2019.10.17"]
[SourceVersion "1"]
[SourceVersionDate "2019.10.17"]
[SourceQuality "1"]
[WhiteTeam "Vantaa Remi"]
[BlackTeam "Turku TuTS II"]
[WhiteTeamCountry "FIN"]
[BlackTeamCountry "FIN"]

1. d4 Nf6 2. Nf3 e6 3. e3 d5 4. Bd3 Bd6 5. 0-0 Nbd7 6. b3 c6 7. Ba3 Bxa3 8. Nxa3 Qe7 9. Qc1 e5 10. dxe5 Nxe5 11. Nxe5 Qxe5 12. c4 0-0 13. f4 Qe7 1/2-1/2

[Event "EU-Cup 32nd"]
[Site "Novi Sad"]
[Date "2016.11.10"]
[Round "5.5"]
[White "Pihlajasalo, Hannu"]
[Black "Ivic, Matija"]
[Result "0-1"]
[WhiteElo "2205"]
[BlackElo "2231"]
[PlyCount "68"]
[EventDate "2016.11.06"]
[EventType "team-swiss"]
[EventRounds "7"]
[EventCountry "SRB"]
[SourceTitle "CBM 176"]
[Source "ChessBase"]
[SourceDate "2017.01.17"]
[SourceVersion "1"]
[SourceVersionDate "2017.01.17"]
[SourceQuality "1"]
[WhiteTeam "Salon Shakkikerho"]
[BlackTeam "Paracin"]
[WhiteTeamCountry "FIN"]
[BlackTeamCountry "SRB"]

1. d4 Nf6 2. c4 c5 3. d5 g6 4. Nc3 Bg7 5. e4 d6 6. Bd3 0-0 7. Nge2 e6 8. 0-0 exd5 9. exd5 Ng4 10. h3 Ne5 11. f4 Nxd3 12. Qxd3 Re8 13. Ng3 Na6 14. a3 f5 15. Bd2 Bd7 16. Rae1 Qf6 17. Rxe8+ Rxe8 18. Re1 Qd4+ 19. Qxd4 cxd4 20. Rxe8+ Bxe8 21. Na2 Nc5 22. Nc1 d3 23. b4 Ne4 24. Nf1 Bd4+ 25. Kh2 Nxd2 26. Nxd2 Be3 27. Ncb3 Ba4 28. g3 Bxb3 29. Nxb3 d2 30. Nxd2 Bxd2 31. c5 dxc5 32. bxc5 Kf7 33. c6 bxc6 34. dxc6 Ke7 0-1

[Event "FIN-chT 1516"]
[Site "Finland"]
[Date "2016.02.07"]
[Round "8.7"]
[White "Pihlajasalo, Hannu"]
[Black "Makinen, Ilkka"]
[Result "1/2-1/2"]
[WhiteElo "2212"]
[BlackElo "2118"]
[PlyCount "59"]
[EventDate "2015.09.12"]
[EventType "team-tourn"]
[EventRounds "11"]
[EventCountry "FIN"]
[SourceTitle "CBM 170 Extra"]
[Source "ChessBase"]
[SourceDate "2016.02.25"]
[SourceVersion "1"]
[SourceVersionDate "2016.02.25"]
[SourceQuality "1"]
[WhiteTeam "Salo SalSK"]
[BlackTeam "Helsinki HSK"]
[WhiteTeamCountry "FIN"]
[BlackTeamCountry "FIN"]

1. d4 d6 2. g3 g6 3. Bg2 Bg7 4. Nf3 Nd7 5. 0-0 Ngf6 6. Re1 0-0 7. e4 e5 8. Nc3 a6 9. a4 Rb8 10. a5 Re8 11. h3 h6 12. Be3 Kh7 13. Qd2 b5 14. axb6 Nxb6 15. b3 exd4 16. Nxd4 Bb7 17. Rad1 Qd7 18. Qd3 Rbd8 19. Nde2 Qc6 20. Nd5 Nbxd5 21. exd5 Qd7 22. Nf4 Re5 23. Bd4 Rxe1+ 24. Rxe1 Re8 25. Rxe8 Qxe8 26. Bf3 Qe7 27. Kg2 Nd7 28. Bxg7 Kxg7 29. Qc3+ Nf6 30. Nd3 1/2-1/2

[Event "FIN-chT 1516"]
[Site "Finland"]
[Date "2015.09.12"]
[Round "1.7"]
[White "Pihlajasalo, Hannu"]
[Black "Kilpi, Teemu"]
[Result "1/2-1/2"]
[WhiteElo "2212"]
[BlackElo "2101"]
[PlyCount "42"]
[EventDate "2015.09.12"]
[EventType "team-tourn"]
[EventRounds "11"]
[EventCountry "FIN"]
[SourceTitle "EXT 2016"]
[Source "ChessBase"]
[SourceDate "2015.10.08"]
[SourceVersion "1"]
[SourceVersionDate "2015.10.08"]
[SourceQuality "1"]
[WhiteTeam "Salo SalSK"]
[BlackTeam "Oulu OSS"]
[WhiteTeamCountry "FIN"]
[BlackTeamCountry "FIN"]

1. d4 d5 2. c4 e6 3. Nc3 c6 4. e3 Bd6 5. Bd3 Nd7 6. Qc2 Ngf6 7. Nf3 0-0 8. 0-0 Qc7 9. e4 dxe4 10. Nxe4 Nxe4 11. Bxe4 h6 12. h3 c5 13. Be3 Nf6 14. dxc5 Bxc5 15. Bxc5 Qxc5 16. Rfd1 Rb8 17. Nd2 Bd7 18. Bf3 Rfc8 19. Ne4 Nxe4 20. Rxd7 Nf6 21. Rxb7 Rxb7 1/2-1/2

[Event "FIN-chT 1314"]
[Site "Finland"]
[Date "2013.11.03"]
[Round "6.5"]
[White "Pihlajasalo, Hannu"]
[Black "Kekki, Petri"]
[Result "1/2-1/2"]
[WhiteElo "2238"]
[BlackElo "2354"]
[PlyCount "48"]
[EventDate "2013.09.21"]
[EventType "team-tourn"]
[EventRounds "11"]
[EventCountry "FIN"]
[SourceTitle "EXT 2015"]
[Source "ChessBase"]
[SourceDate "2014.11.20"]
[SourceVersion "1"]
[SourceVersionDate "2014.11.20"]
[SourceQuality "1"]
[WhiteTeam "Salo SalSK"]
[BlackTeam "Espoo MatSK"]
[WhiteTeamCountry "FIN"]
[BlackTeamCountry "FIN"]

1. d4 d5 2. c4 e6 3. Nf3 c6 4. cxd5 exd5 5. Nc3 Bd6 6. Bg5 Ne7 7. e3 Qb6 8. Bxe7 Bxe7 9. Rb1 Bf5 10. Bd3 Bxd3 11. Qxd3 Qa6 12. Ne5 Qxd3 13. Nxd3 Nd7 14. 0-0 0-0 15. Rfc1 Rfd8 16. Na4 Kf8 17. Nac5 Nxc5 18. Nxc5 Bxc5 19. Rxc5 Ke7 20. b4 a6 21. a4 Kd6 22. Kf1 b6 23. Rc2 Rdc8 24. Ke2 h5 1/2-1/2

[Event "FIN-chT 1213"]
[Site "Finland"]
[Date "2013.03.09"]
[Round "13.7"]
[White "Pihlajasalo, Hannu"]
[Black "Laakso, Harri"]
[Result "1/2-1/2"]
[WhiteElo "2261"]
[BlackElo "2181"]
[PlyCount "41"]
[EventDate "2012.09.28"]
[EventType "team-tourn"]
[EventRounds "11"]
[EventCountry "FIN"]
[SourceTitle "EXT 2014"]
[Source "ChessBase"]
[SourceDate "2013.11.20"]
[SourceVersion "1"]
[SourceVersionDate "2013.11.20"]
[SourceQuality "1"]
[WhiteTeam "Salo SK"]
[BlackTeam "Vantaa"]
[WhiteTeamCountry "FIN"]
[BlackTeamCountry "FIN"]

1. d4 g6 2. e4 Bg7 3. Be3 c5 4. c3 cxd4 5. Bxd4 Nf6 6. e5 Nh5 7. Qf3 d6 8. Bb5+ Nd7 9. exd6 Bxd4 10. cxd4 Qb6 11. Nc3 Qxd6 12. Nge2 0-0 13. 0-0 Nhf6 14. Rfe1 Nb6 15. Rad1 Nbd5 16. Nxd5 Nxd5 17. Nc3 Be6 18. Ba4 Nxc3 19. bxc3 Bd5 20. Qe2 Qa3 21. Bb3 1/2-1/2

[Event "FIN-chT 1213"]
[Site "Finland"]
[Date "2013.02.10"]
[Round "11.7"]
[White "Valli, Frans"]
[Black "Pihlajasalo, Hannu"]
[Result "1/2-1/2"]
[WhiteElo "2262"]
[BlackElo "2261"]
[PlyCount "26"]
[EventDate "2012.09.28"]
[EventType "team-tourn"]
[EventRounds "11"]
[EventCountry "FIN"]
[SourceTitle "EXT 2014"]
[Source "ChessBase"]
[SourceDate "2013.11.20"]
[SourceVersion "1"]
[SourceVersionDate "2013.11.20"]
[SourceQuality "1"]
[WhiteTeam "Porvoo Velhot"]
[BlackTeam "Salo SK"]
[WhiteTeamCountry "FIN"]
[BlackTeamCountry "FIN"]

1. Nf3 Nf6 2. c4 g6 3. d4 Bg7 4. Nc3 0-0 5. g3 d5 6. cxd5 Nxd5 7. Bg2 Nb6 8. 0-0 Nc6 9. e3 Re8 10. b3 e5 11. dxe5 Nxe5 12. Nxe5 Bxe5 13. Bb2 c6 1/2-1/2

[Event "FIN-chT 1213"]
[Site "Finland"]
[Date "2013.01.13"]
[Round "9.7"]
[White "Pihlajasalo, Hannu"]
[Black "Koykka, Pekka"]
[Result "1/2-1/2"]
[WhiteElo "2261"]
[BlackElo "2242"]
[PlyCount "54"]
[EventDate "2012.09.28"]
[EventType "team-tourn"]
[EventRounds "11"]
[EventCountry "FIN"]
[SourceTitle "EXT 2014"]
[Source "ChessBase"]
[SourceDate "2013.11.20"]
[SourceVersion "1"]
[SourceVersionDate "2013.11.20"]
[SourceQuality "1"]
[WhiteTeam "Salo SK"]
[BlackTeam "Tammer Shakki"]
[WhiteTeamCountry "FIN"]
[BlackTeamCountry "FIN"]

1. d4 Nf6 2. Nf3 e6 3. e3 c5 4. Bd3 Nc6 5. 0-0 d5 6. b3 Be7 7. Bb2 0-0 8. Nbd2 b6 9. Ne5 Nb4 10. Be2 cxd4 11. a3 Qc7 12. axb4 Qxe5 13. exd4 Qf4 14. b5 Ne4 15. Nf3 Qc7 16. Bd3 Bb7 17. Ra4 Bd6 18. Qe2 f5 19. Rfa1 Bc8 20. c4 Bd7 21. h3 Be8 22. Bxe4 fxe4 23. Ne5 Rf5 24. Qe3 Qb8 25. R1a2 Qc7 26. Ra1 Qb8 27. R1a2 Qc7 1/2-1/2

[Event "FIN-chT 1213"]
[Site "Finland"]
[Date "2012.09.29"]
[Round "2.6"]
[White "Pihlajasalo, Hannu"]
[Black "Kononen, Keijo"]
[Result "1/2-1/2"]
[WhiteElo "2261"]
[BlackElo "2236"]
[PlyCount "50"]
[EventDate "2012.09.28"]
[EventType "team-tourn"]
[EventRounds "11"]
[EventCountry "FIN"]
[SourceTitle "CBM 150 Extra"]
[Source "ChessBase"]
[SourceDate "2012.10.19"]
[SourceVersion "1"]
[SourceVersionDate "2012.10.19"]
[SourceQuality "1"]
[WhiteTeam "Salo SK"]
[BlackTeam "Oulu OSS"]
[WhiteTeamCountry "FIN"]
[BlackTeamCountry "FIN"]

1. d4 Nf6 2. Nf3 g6 3. g3 Bg7 4. Bg2 0-0 5. 0-0 d6 6. Re1 Nc6 7. d5 Nb4 8. e4 e5 9. dxe6 Bxe6 10. Nc3 Re8 11. h3 h6 12. Be3 Nc6 13. Qd2 Kh7 14. Nd4 Bd7 15. f4 Nxd4 16. Bxd4 Bc6 17. Rad1 Re6 18. e5 dxe5 19. fxe5 Ng8 20. Qf2 Qe8 21. Nd5 Rc8 22. Nf4 Re7 23. Nd5 Re6 24. Nf4 Re7 25. Nd5 Re6 1/2-1/2

[Event "FIN Team Cup"]
[Site "Finland"]
[Date "2012.03.31"]
[Round "2.2"]
[White "Pihlajasalo, Hannu"]
[Black "Nokso Koivisto, Aki"]
[Result "1/2-1/2"]
[WhiteElo "2268"]
[BlackElo "2182"]
[PlyCount "42"]
[EventDate "2012.03.31"]
[EventType "team-k.o."]
[EventRounds "6"]
[EventCountry "FIN"]
[SourceTitle "EXT 2022"]
[Source "ChessBase"]
[SourceDate "2021.10.06"]
[SourceVersion "1"]
[SourceVersionDate "2021.10.06"]
[SourceQuality "1"]
[WhiteTeam "Salo SK"]
[BlackTeam "Loimaa SK"]
[WhiteTeamCountry "FIN"]
[BlackTeamCountry "FIN"]

1. d4 Nf6 2. Nf3 e6 3. e3 d5 4. Bd3 Be7 5. 0-0 0-0 6. b3 b6 7. Bb2 Bb7 8. c4 Nbd7 9. cxd5 exd5 10. Nc3 Re8 11. Rc1 Ne4 12. Qe2 Ndf6 13. Ne5 a6 14. Nxe4 Nxe4 15. Bxe4 dxe4 16. Qc4 Qd5 17. Qxc7 Bd6 18. Qxb6 Re6 19. Rc7 Bxc7 20. Qxc7 Ree8 21. Nc4 Rac8 1/2-1/2

[Event "FIN-chT 1011"]
[Site "Finland"]
[Date "2011.03.13"]
[Round "9.4"]
[White "Hokkanen, Petri"]
[Black "Pihlajasalo, Hannu"]
[Result "1/2-1/2"]
[WhiteElo "2304"]
[BlackElo "2263"]
[PlyCount "100"]
[EventDate "2010.09.18"]
[EventType "team-tourn"]
[EventRounds "9"]
[EventCountry "FIN"]
[SourceTitle "EXT 2012"]
[Source "ChessBase"]
[SourceDate "2011.11.24"]
[SourceVersion "1"]
[SourceVersionDate "2011.11.24"]
[SourceQuality "1"]
[WhiteTeam "Velhot"]
[BlackTeam "Sal SK"]
[WhiteTeamCountry "FIN"]
[BlackTeamCountry "FIN"]

1. e4 e5 2. Nf3 Nf6 3. Nxe5 d6 4. Nf3 Nxe4 5. d4 d5 6. Bd3 Nc6 7. 0-0 Be7 8. c4 Nb4 9. Be2 0-0 10. a3 Nc6 11. Nc3 Nxc3 12. bxc3 b6 13. Re1 Bb7 14. cxd5 Qxd5 15. Bd3 Rae8 16. Bf4 Bd6 17. Bxd6 cxd6 18. Qc2 g6 19. Qd2 Kg7 20. Qf4 Na5 21. h4 Re6 22. Qg3 Rfe8 23. Rxe6 Qxe6 24. Re1 Qc8 25. Rxe8 Qxe8 26. Qxd6 Bxf3 27. gxf3 Qe1+ 28. Kg2 Qxc3 29. Qe5+ Kg8 30. Qe8+ Kg7 31. Qe5+ Kg8 32. Be4 Qxa3 33. Bd5 Qf8 34. Qc7 Kg7 35. Qxa7 Qd6 36. Qxf7+ Kh6 37. h5 Nc6 38. hxg6 hxg6 39. Qg8 Ne7 40. Qf8+ Kh5 41. Be4 Nf5 42. Qh8+ Kg5 43. Bxf5 Kxf5 44. Qh3+ Kf6 45. Qh4+ Ke6 46. Qe4+ Kd7 47. Qb7+ Qc7 48. Qd5+ Qd6 49. Qb7+ Ke6 50. Qe4+ Kd7 1/2-1/2